000
00273nam a2200109Ia 4500
008
220204s9999 xx 000 0 und d
082
_a
502.7(031)
_b
WEL
100
_a
Wellesley, Robert
245
0
_a
First nature encyclopedia
260
_a
London
_b
Octopus
_c
1976
942
_c
BK
999
_c
24968
_d
24968